| 000 | nam a22 7a 4500 | ||
|---|---|---|---|
| 999 |
_c129148 _d129148 |
||
| 008 | 190307b xxu||||| |||| 00| 0 eng d | ||
| 050 | _aSPC. DT1.T45 S775 | ||
| 100 |
_aStacer, John Regis _945031 |
||
| 245 |
_aHocking's widening empiricism _cJohn Regis Stacer |
||
| 260 |
_aLuisianna _bTulane University _c1970 |
||
| 300 |
_avii, 343p. ; _c27cm. |
||
| 500 | _aThesis | ||
| 600 |
_aHocking, William Ernest _929700 |
||
| 942 |
_2lcc _cSPC |
||